000
00287nam a22001337a 4500
008
181204b xxu||||| |||| 00| 0 eng d
020
_a
025602913
041
_a
eng
080
_a
330
100
_a
54
101
_a
MAN
245
_a
Managing Performance
_c
Gibson.I.D
942
_2
udc
_c
BK
999
_c
52808
_d
52808